Dessin animé A-Z par image - Statistiques

Statistiques générales
  • Ce quiz a été pris 1 119 fois
  • Le résultat moyen est 18 sur 25
Statistiques - réponses
Par images Hint Réponse % Correct
B- Batman
100%
G- Garfield & Cie
97%
H- Hello Kitty
97%
A- Les {Aventures de Tintin}
96%
O- Oui-Oui
96%
M- La {Maison de Mickey}
93%
T- Tom et Jerry
91%
Y- Yakari
87%
N- Ninjago
86%
W- Winx Club
85%
C- Calimero
84%
Z- Les {Zinzins de l'espace}
84%
R- Rick et Morty
78%
S- South Park
77%
I- Il était une fois… La vie
70%
K- Kim Possible
69%
L- Looney Tunes
69%
P- Phineas et Ferb
69%
J- Jimmy Neutron
67%
Q- Quoi d'neuf Scooby-Doo
63%
X- X-Men
61%
U- Ulysse 31
47%
F- Les {Fous du volant}
36%
D- Désenchantée
31%
V- Vic le Viking
17%
Aucun quiz correspondant
Distribution des résultats
% des personnes avec chaque résultat
Percentile par nombre de réponses
Votre historique - résultats
Vous n’avez pas pris ce quiz